000 01032cam a22003134a 4500
008
020 _a1870485106 (hbk.)
049 _aMAIN
090 _aRC804.E6
_bANN
245 0 0 _aAnnual of gastrointestinal endoscopy :
_billustrated in color /
_c[edited by] P.B. Cotton, G.N.J. Tytgat, C.B. Williams.
246 _aGastrointestinal endoscopy.
260 _aLondon :
_bCurrent Science,
_cc1989.
300 _a185p. :
_bill. ;
_c29 cm.
504 _aIncludes bibliographical references.
500 _aIncludes index.
650 0 _aEndoscopy.
650 0 _aGastrointestinal system
_xExamination.
650 1 2 _aEndoscopy, Gastrointestinal
_xmethods.
650 2 2 _aGastrointestinal Diseases
_xdiagnosis.
650 2 2 _aGastrointestinal Diseases
_xtherapy.
700 _aWilliams, C.B.
700 1 _aCotton, P.B.
700 1 _aTytgat, G.N.J.
907 _a.b10327150
_b22-04-13
_c15-02-13
003
005 20230120204117.0
040 _cNUST
942 _cBOOKS
_kRC804.E6
_mANN
999 _c117299
_d117299